Zpráva o plnění státního rozpočtu za rok 1993

Súhrnné výsledky verejných rozpočtov. Štátny rozpočet - príjmy a výdavky. Miestne rozpočty - príjmy a výdavky.

Salvato in:
Dettagli Bibliografici
Natura: Capitolo di libro
Lingua:ceco
Soggetti:
Tags: Aggiungi Tag
Nessun Tag, puoi essere il primo ad aggiungerne!!

MARC

LEADER 00000naa a2200000 4500
001 r016720
005 20221213082206.4
041 0 |a cze 
044 |a CZ 
245 1 0 |a Zpráva o plnění státního rozpočtu za rok 1993 
520 |a Súhrnné výsledky verejných rozpočtov. Štátny rozpočet - príjmy a výdavky. Miestne rozpočty - príjmy a výdavky. 
610 2 0 |a rozpočet štátny 
610 2 0 |a rozpočet miestny 
610 2 0 |a príjmy rozpočtu štátneho 
610 2 0 |a výdavky rozpočtu štátneho 
610 2 0 |a Česko 
610 2 0 |a 1993